Medzinárodná bezpečnosť a vojenská diplomacia

Pojem vojenská diplomacia. Oblasť riešenia otázok vojny a mieru v dejinách medzinárodných vzťahov. Mierové riešenie sporov vojenskou diplomaciou. Mierové misie uskutočňované ozbrojenými silami - na podporu a udržanie mieru, prevenciu konfliktov a humanitárne operácie.

Gespeichert in:
Bibliographische Detailangaben
1. Verfasser: Škvrnda, František
Format: Buchkapitel
Sprache:Slowakisch
Schlagworte:
Tags: Tag hinzufügen
Keine Tags, Fügen Sie das erste Tag hinzu!

MARC

LEADER 00000naa$a2200000$$$4500
001 0046057
005 20240502071533.2
041 0 |a slo 
044 |a SK 
245 1 0 |a Medzinárodná bezpečnosť a vojenská diplomacia  |c František Škvrnda 
520 |a Pojem vojenská diplomacia. Oblasť riešenia otázok vojny a mieru v dejinách medzinárodných vzťahov. Mierové riešenie sporov vojenskou diplomaciou. Mierové misie uskutočňované ozbrojenými silami - na podporu a udržanie mieru, prevenciu konfliktov a humanitárne operácie. 
610 2 0 |a diplomacia 
610 2 0 |a bezpečnosť 
610 2 0 |a vzťahy medzinárodné 
610 2 0 |a vojenstvo 
610 2 0 |a vojny 
610 2 0 |a Slovensko 
610 2 0 |a politika bezpečnostná 
610 2 0 |a sily ozbrojené 
100 1 |a Škvrnda, František